College Algebra and Plane Trigonometry. (Fifth printing.). (Record no. 23342)
[ view plain ]
| 000 -LEADER | |
|---|---|
| fixed length control field | 01028nam a22002413 4500 |
| 001 - CONTROL NUMBER | |
| control field | collegealgebrapl00spit |
| 003 - CONTROL NUMBER IDENTIFIER | |
| control field | CaSfIA |
| 005 - DATE AND TIME OF LATEST TRANSACTION | |
| control field | 20230525155204.0 |
| 007 - PHYSICAL DESCRIPTION FIXED FIELD--GENERAL INFORMATION | |
| fixed length control field | cr|||| |
| 008 - FIXED-LENGTH DATA ELEMENTS--GENERAL INFORMATION | |
| fixed length control field | 900425s1961 xx 000 0 eng d |
| 040 ## - CATALOGING SOURCE | |
| Original cataloging agency | UKMGB |
| Transcribing agency | UKMGB |
| Modifying agency | CaSfIA |
| 016 7# - NATIONAL BIBLIOGRAPHIC AGENCY CONTROL NUMBER | |
| Record control number | 003465699 |
| Source | Uk |
| 035 ## - SYSTEM CONTROL NUMBER | |
| System control number | (OCoLC)504219836 |
| 100 1# - MAIN ENTRY--PERSONAL NAME | |
| Personal name | SPITZBART, Abraham, |
| Titles and words associated with a name | and BARDELL (Ross Harvey) |
| 245 10 - TITLE STATEMENT | |
| Title | College Algebra and Plane Trigonometry. (Fifth printing.). |
| Medium | [electronic resource] |
| 260 ## - PUBLICATION, DISTRIBUTION, ETC. | |
| Place of publication, distribution, etc. | Reading, Mass., 1961. |
| 300 ## - PHYSICAL DESCRIPTION | |
| Extent | 8°. |
| 490 1# - SERIES STATEMENT | |
| Series statement | [Addison-Wesley Mathematics Series.] |
| 787 0# - OTHER RELATIONSHIP ENTRY | |
| Title | College Algebra and Plane Trigonometry. (Fourth printing.) |
| Place, publisher, and date of publication | pp. xiii. 408. Addison-Wesley Publishing Co.: Reading, Mass., 1958. 8°. |
| Record control number | (Uk)MP1.0003702022 |
| 830 #0 - SERIES ADDED ENTRY--UNIFORM TITLE | |
| Uniform title | [Addison-Wesley Mathematics Series.]. |
| 856 41 - ELECTRONIC LOCATION AND ACCESS | |
| Uniform Resource Identifier | <a href="http://www.archive.org/details/collegealgebrapl00spit">http://www.archive.org/details/collegealgebrapl00spit</a> |
| Public note | Free eBook from the Internet Archive |
| 856 42 - ELECTRONIC LOCATION AND ACCESS | |
| Uniform Resource Identifier | <a href="http://www.openlibrary.org/books/OL24392819M">http://www.openlibrary.org/books/OL24392819M</a> |
| Public note | Additional information and access via Open Library |
| Withdrawn status | Lost status | Damaged status | Not for loan | Collection | Home library | Current library | Date acquired | Total Checkouts | Date last seen | Price effective from | Koha item type |
|---|---|---|---|---|---|---|---|---|---|---|---|
| Project Gutenberg | Main Library | Main Library | 05/25/2023 | 05/25/2023 | 05/25/2023 | EBooks |